000 00281nam a22001217a 4500
008 160518b xxu||||| |||| 00| 0 eng d
020 _a9781563636783
020 _a9781563636786
041 _aeng
080 _a612.39
245 _aPDR for herbal medicines:
_cPDR;
942 _2udc
_cBK
999 _c2213
_d2213